Catálogo - Centro de Recursos para el Aprendizaje y la Investigación

Volver al Sitio - CRAI Biblioteca

Gestión cultural : (Registro nro. 113345)

Detalles MARC
000 -CABECERA
campo de control de longitud fija 01592nam a22001937a 4500
001 - NÚMERO DE CONTROL
campo de control 113345
003 - IDENTIFICADOR DEL NÚMERO DE CONTROL
campo de control DR-UNIBE
005 - FECHA Y HORA DE LA ÚLTIMA TRANSACCIÓN
campo de control 20250318112858.0
008 - DATOS DE LONGITUD FIJA--INFORMACIÓN GENERAL
campo de control de longitud fija 250318b2009 dr ||||| |||| 00| 0 spa d
040 ## - FUENTE DE LA CATALOGACIÓN
Centro catalogador/agencia de origen BIBLIOTECA UNIBE
Centro/agencia transcriptor BIBLIOTECA UNIBE
Normas de descripción rda
041 ## - CÓDIGO DE LENGUA
Código de lengua del texto/banda sonora o título independiente spa
082 ## - NÚMERO DE LA CLASIFICACIÓN DECIMAL DEWEY
Número de clasificación RD 384.3 M722g
100 1# - ENTRADA PRINCIPAL--NOMBRE DE PERSONA
Nombre de persona Molina, Luis E.
9 (RLIN) 12616
Término indicativo de función/relación autor
245 10 - MENCIÓN DE TÍTULO
Título Gestión cultural :
Resto del título comunicaciones, publicidad, conservación, la web 2.0, y las redes sociales para un nuevo enfoque de la acción cultural /
Mención de responsabilidad, etc. Luis E. Molina
260 ## - PUBLICACIÓN, DISTRIBUCIÓN, ETC.
Lugar de publicación, distribución, etc. Santo Domingo :
Nombre del editor, distribuidor, etc. Secretaría de Estado de Cultura,
Fecha de publicación, distribución, etc. 2009
300 ## - DESCRIPCIÓN FÍSICA
Extensión 121 páginas :
Otras características físicas ilustraciones, gráficas, tablas
505 ## - NOTA DE CONTENIDO CON FORMATO
Nota de contenido con formato A manera de introducción página |<br/> La situación actual |<br/> Las tics y su importancia en la gestión cultural |<br/> La concepción moderna en contraposición de la clásica |<br/> La promoción en los medios de comunicación |<br/> La comunicación integrada al servicio de la gestión cultural |<br/> La conservación cultural |<br/> Soportes modernos y futuros |<br/> Los discos compactos, dvds, y otros soportes |<br/> Valgo sobre el mp3 |<br/> La difusión cultural |<br/> Las bases de datos como elemento primordial |<br/> El uso de los medios de comunicación como base |<br/> Otros elementos y medios de promoción |<br/> La generación de recursos |<br/> El patrocinio |<br/> El mecenazgo |<br/> La autogeneración de recursos |<br/> A manera de conclusión: Un nuevo sistema de gestión cultural |<br/> Bibliografía |<br/> Web grafía |<br/> Anexo 1. Algunas experiencias |<br/> Anexo 2. Glosario de términos de internet |<br/>
942 ## - ELEMENTOS DE PUNTO DE ACCESO ADICIONAL (KOHA)
Fuente del sistema de clasificación o colocación Sistema de Clasificación Decimal Dewey
Tipo de ítem Koha Libro (general)
Existencias
Estado de retiro Estado de pérdida Fuente del sistema de clasificación o colocación No para préstamo Código de colección Localización permanente Fecha de adquisición Total de préstamos Signatura topográfica completa Código de barras Fecha visto por última vez Número de copia Precio válido a partir de Tipo de ítem Koha
  Disponible Sistema de Clasificación Decimal Dewey   General - Libros dominicanos Biblioteca Central UNIBE 18/03/2025   RD 384.3 M722g 250170 18/03/2025 Ej. 1 18/03/2025 Libro (general)